000 00358nam a2200133Ia 4500
005 20260328101457.0
008 260328s9999||||xx |||||||||||||| ||und||
100 _aKonopka, Sabine
245 0 _aWohnen am TiergArten. Die Bauten an der Rauchstrasse /
_cSabine Konopka
260 _bKonopka
300 _a105 p.
650 _aARQUITECTURA REGIONAL
942 _cBK
999 _c8864
_d8864